Problems of political philosophy

Bibliographic Details
Main Author: Raphael, D.D
Format: Book
Published: London : MacMillan , 1991
Edition:Second edition
Subjects:

MARC

LEADER 00000cam a2200000 7i4500
001 0000003855
002 000004154
005 20000330.0
020 |a 0333498593 
090 0 0 |a 320   |b RAP 
100 1 |a Raphael, D.D 
245 1 0 |a Problems of political philosophy   |c D.D. Raphael 
250 |a Second edition 
260 |a London :   |b MacMillan ,   |c 1991 
300 |a 218p. ;   |c 22cm. 
650 0 0 |a Political science   |x Philosophy 
999 |a 037050   |b BUKU   |c PINJAMAN   |e PERPUSTAKAAN KOMUNITI PETALING JAYA